000
00218nam a22000857a 4500
999
_c
11097
_d
11097
008
180827b ||||| |||| 00| 0 eng d
100
_a
George Anish
_9
6863
245
_a
Amazing English
260
_a
Kerala
_b
Ajanta Press
_c
2011